000 00725nam a2200193 i 4500
001 26774
003 ES-MaACL
005 20251004063052.0
007 t|
008 030110s1877 fr ||||1| fre d
100 1 _aPrisse d'Avennes, Émile,
_d1807-1879
_924021
245 1 3 _aL' art arabe d'apres les monuments du Kaire depuis le VIIe siecle jusqu'á la fin du XVIIIe /
_cPrisse d'Avennes.
260 _aParís :
_bJ. Savoy et cie,
_c1877 (
_fJ. Claye)
300 _a[4]-viii-296 p.-xxxiv pl. :
_bil. ;
_c34 cm +
_eatlas (3 v. : ill. ; 65 cm.)
500 _aEl 1º de texto, los tres restantes de láminas.
650 0 7 _aArte musulmán
_2embne
_9135624
852 _aES-MaACL
_jB-6989-92
999 _c26774
_d26774